000 00314nam a2200145Ia 4500
003 SGT
005 20260530141552.0
082 _a616.07
_bP010S
100 _aSANT,MRINALINI
245 2 _aA TB OF PATHOLOGY
250 _a1ST
260 _bNEW CENTRAL BOOK AGENCY
_aDELHI
_c2010
650 _aPATHOLOGY
942 _2ddc
_cBK
999 _c701
_d701